Principles of refrigeration

Guardat en:
Dades bibliogràfiques
Autors principals: Dossat, Roy J (Autor), Horan, Thomas J (Autor)
Format: Llibre
Idioma:anglès
Publicat: Englewood Cliffs Prentice Hall 2002
Edició:5a. ed
Matèries:
Etiquetes: Afegir etiqueta
Sense etiquetes, Sigues el primer a etiquetar aquest registre!

MARC

LEADER 00000nam a2200000 a 4500
001 UCM0039
003 CL-VaPUC
008 020108e20020000US |||||||||||||||||eng|d
082 0 4 |a 621.56  |b DOS  |2 21 
100 0 |a Dossat, Roy J  |e author  |9 466653 
700 0 |a Horan, Thomas J  |e author  |9 466654 
245 1 0 |a Principles of refrigeration 
250 |a 5a. ed 
300 |a 454 p 
942 |c BK 
945 |d 20020108 00:00:00  |a cmena 
260 |a Englewood Cliffs  |b Prentice Hall  |c 2002 
650 0 |a Refrigeración  |9 259343 
650 7 |a TEMPERATURA  |2 CL-VaPUC  |9 466655 
650 0 |a Transmisión de calor  |9 259410 
650 0 |a Condensación  |9 360886 
650 0 |a Motores eléctricos   |9 260085 
583 |a last modification  |c 20130316 10:54:59  |k Rodrigo Vera 
999 |c 299106  |d 299104 
952 |0 0  |1 0  |4 0  |6 621_560000000000000_DOS_2002  |7 0  |8 A  |9 355257  |a BIBING  |b BIBING  |d 2019-11-21  |i 3787710  |o 621.56 DOS 2002  |p 3787710  |r 2025-01-20  |w 2019-11-21  |y BK  |k EIB 
952 |0 0  |1 0  |4 0  |6 621_560000000000000_DOS_2002  |7 0  |8 A  |9 355258  |a BIBING  |b BIBING  |d 2019-11-21  |i 3787729  |o 621.56 DOS 2002  |p 3787729  |r 2025-01-20  |w 2019-11-21  |y BK  |k EIB 
952 |0 0  |1 0  |4 0  |6 621_560000000000000_DOS_2002  |7 0  |8 A  |9 355259  |a BIBING  |b BIBING  |d 2019-11-21  |i 3787737  |o 621.56 DOS 2002  |p 3787737  |r 2025-01-20  |w 2019-11-21  |y BK  |k EIB